00633cam a22001933a 450000100060000000300060000600500170001200800410002904000150007004200070008510000360009224501280012826000290025650600300028551600200031570000330033583000290036885600420039737406PGUSA20140828083824.0110912s2011||||xxu|||||s|||||000 | eng d aPGUSAbeng adc1 aSienkiewicz, Henryk,d1846-191610aOn the Field of Glory :bAn Historical Novel of the Time of King John Sobieskih[electronic resource] /cHenryk Sienkiewicz bProject Gutenberg,c2011 aPublic domain in the USA. aElectronic text1 aCurtin, Jeremiah,d1835-1906 0aProject Gutenbergv3740640uhttp://www.gutenberg.org/ebooks/37406